| 000 | 00427 a2200145 4500 | ||
|---|---|---|---|
| 001 | ART_45677 | ||
| 005 | 20260410162018.0 | ||
| 008 | 260409a | ||
| 245 | 1 | 0 | _aGrooming |
| 100 | 1 | _aBeloff, Mary | |
| 700 | 1 | _aKierszenbaum, Mariano | |
| 700 | 1 | _aTerragni, Martiniano | |
| 700 | 1 | _aFreedman, Diego | |
| 773 | 0 |
_tTemas de derecho de familia, sucesiones y bioética _g- Año 3, Nº 2 (feb. 2018) _wREV41029 |
|
| 999 |
_c32818 _d32818 |
||